[Event "Quimper op 5th"]
[Site "Quimper"]
[Date "2014.10.31"]
[Round "6"]
[White "Le Nigen, Claude"]
[Black "Arveuf, Rene"]
[Result "0-1"]
[WhiteElo "1280"]
[BlackElo "1582"]
[PlyCount "21"]
[EventDate "2014.10.31"]
[EventType "swiss"]
[EventRounds "7"]
[EventCountry "FRA"]
[SourceTitle "EXT 2016"]
[Source "ChessBase"]
[SourceDate "2015.10.08"]
[SourceVersion "1"]
[SourceVersionDate "2015.10.08"]
[SourceQuality "1"]

1. d4 e5 2. dxe5 Nc6 3. e6 fxe6 4. Nf3 Nf6 5. Bg5 Be7 6. Bxf6 Bxf6 7. c3 0-0 8. e3 d6 9. Bd3 b6 10. 0-0 Bb7 11. Nbd2 0-1